000 00796nam a22002177a 4500
999 _c17929
_d17929
003 OSt
005 20231027132427.0
008 230206b ||||| |||| 00| 0 eng d
040 _c0
082 _aDPer 510.5 Am351 June - August 2021 v143 no. 3-4
100 _aHuang, Shanlin.
_eauthor.
_947721
245 _aUncertainty principle, minimal escape velocities, and observability inequalities for Schrödinger equations /
_cShanlin Huang and Avy Soffer
260 _aBaltimore, Maryland U.S.,
_bJohns Hopkins University Press,
_cJune 2021.
300 _avolume 143, pages 753-781.
650 _aMathematics.
_947722
650 _aMeasurement.
_947723
650 _aAlgebra.
_947724
700 _aHuang, Shanlin.
_eauthor.
_947721
700 _aSoffer, Avy.
_eauthor.
_947725
942 _2ddc
_cPER